000 00670nam a2200181Ia 4500
005 20250423101420.0
008 250422s9999 xx 000 0 und d
020 _a9781032262598
050 _aRK 139.5 .A86 .R44/
100 _aEdited by Erich Griessler et.al.
245 4 _aThe regulation of assisted reproductive technologies in Europe
260 _aLondon
260 _bRoutledge
260 _c2024
300 _a224 p
650 _aAssisted reproductive technology Reproductive medicine Fertility preservation In vitro fertilization Medical law Regulation of medical technologies Public health law Ethics of reproduction Europe—Social policy
942 _cBK
999 _c36239
_d36239